000 00267nam a22001217a 4500
008 180307b xxu||||| |||| 00| 0 eng d
041 _aeng
080 _a616-002.77
100 _a7
101 _aREU
245 _aMilitary roentgenology
_cUlio,J.A
942 _2udc
_cBK
999 _c44272
_d44272